Opposite Color Flags - Statistics

General Stats
  • This quiz has been taken 26 times
  • The average score is 12 of 15
Answer Stats
Picture Answer % Correct
Finland
100%
Japan
100%
Thailand
91%
Ukraine
91%
Nigeria
87%
Syria
87%
United Arab Emirates
87%
Benin
83%
Estonia
78%
Ivory Coast
78%
Romania I Chad
78%
Mauritius
74%
Bahamas
70%
Myanmar
65%
Luxembourg
48%
No matching quizzes found
Score Distribution
Percent of People with Each Score
Percentile by Number Answered
Your Score History
You have not taken this quiz